[Event "AsianNationCupW-Standard"]
[Site "Hamedan 2018"]
[Date "2018.08.01"]
[Round "5.1"]
[White "Harika, Dronavalli"]
[Black "Hoang, Thi Bao Tram"]
[Result "1-0"]
[BlackElo "2364"]
[WhiteElo "2494"]
[LiveChessVersion "1.4.8"]

1. c4 {[%clk 1:30:57]} c6 {[%clk 1:30:34]} 2. Nf3 {[%clk 1:31:18]} Nf6
{[%clk 1:30:47]} 3. Nc3 {[%clk 1:31:28]} d5 {[%clk 1:29:57]} 4. e3
{[%clk 1:31:42]} g6 {[%clk 1:29:59]} 5. d4 {[%clk 1:31:59]} Bg7 {[%clk 1:30:19]}
6. Be2 {[%clk 1:32:22]} O-O {[%clk 1:30:19]} 7. O-O {[%clk 1:32:45]} a6
{[%clk 1:27:17]} 8. a4 {[%clk 1:32:47]} Bg4 {[%clk 1:23:16]} 9. Qb3
{[%clk 1:28:12]} Ra7 {[%clk 1:23:11]} 10. h3 {[%clk 1:28:05]} Be6
{[%clk 1:18:21]} 11. a5 {[%clk 1:22:46]} h6 {[%clk 1:16:36]} 12. Rd1
{[%clk 1:07:44]} Ne4 {[%clk 1:10:23]} 13. Nd2 {[%clk 1:01:49]} Nxd2
{[%clk 1:04:24]} 14. Bxd2 {[%clk 1:02:05]} dxc4 {[%clk 1:01:15]} 15. Bxc4
{[%clk 1:01:00]} Bxc4 {[%clk 1:01:22]} 16. Qxc4 {[%clk 1:01:26]} Nd7
{[%clk 1:01:26]} 17. e4 {[%clk 0:59:38]} Ra8 18. Qb4 {[%clk 0:41:26]} b5
{[%clk 0:42:01]} 19. axb6 {[%clk 0:40:49]} a5 {[%clk 0:42:03]} 20. Rxa5
{[%clk 0:28:07]} Qxb6 {[%clk 0:38:25]} 21. Qxb6 Nxb6 {[%clk 0:38:44]} 22. Ne2
{[%clk 0:15:45]} Nc4 {[%clk 0:34:07]} 23. Rxa8 {[%clk 0:15:44]} Rxa8
{[%clk 0:34:30]} 24. Bc3 {[%clk 0:15:45]} Rc8 {[%clk 0:30:47]} 25. Rc1
{[%clk 0:12:42]} Rb8 {[%clk 0:25:21]} 26. b4 {[%clk 0:10:32]} Rb6
{[%clk 0:24:12]} 27. Be1 {[%clk 0:07:15]} Nd6 {[%clk 0:22:41]} 28. f3
{[%clk 0:05:37]} e6 {[%clk 0:20:32]} 29. Bf2 {[%clk 0:04:05]} Ra6
{[%clk 0:16:15]} 30. Nc3 {[%clk 0:04:23]} Ra3 {[%clk 0:13:57]} 31. e5
{[%clk 0:03:34]} Nf5 {[%clk 0:14:06]} 32. b5 {[%clk 0:02:13]} cxb5
{[%clk 0:14:02]} 33. Nxb5 {[%clk 0:02:37]} Ra5 {[%clk 0:13:17]} 34. Nc3
{[%clk 0:02:09]} Ra8 {[%clk 0:08:56]} 35. Ne4 {[%clk 0:02:05]} Rd8
{[%clk 0:06:43]} 36. Rc4 {[%clk 0:02:22]} Bf8 {[%clk 0:07:01]} 37. g4
{[%clk 0:01:27]} Ne7 {[%clk 0:07:15]} 38. Nf6+ {[%clk 0:01:36]} Kg7
{[%clk 0:07:18]} 39. f4 {[%clk 0:01:24]} g5 {[%clk 0:05:39]} 40. Be3
{[%clk 0:00:35]} gxf4 {[%clk 0:03:48]} 41. Bxf4 {[%clk 0:00:32]} Nd5
{[%clk 0:03:40]} 42. Nxd5 {[%clk 0:00:44]} Rxd5 {[%clk 0:03:59]} 43. Kg2
{[%clk 0:00:36]} Be7 {[%clk 0:04:15]} 44. Kf3 {[%clk 0:26:51]} Bh4
{[%clk 0:32:04]} 45. Be3 {[%clk 0:25:23]} Ra5 {[%clk 0:29:47]} 46. Rc3
{[%clk 0:25:25]} Ra2 {[%clk 0:28:12]} 47. Ke4 {[%clk 0:21:50]} Rh2
{[%clk 0:24:03]} 48. d5 {[%clk 0:19:46]} exd5+ {[%clk 0:18:41]} 49. Kxd5
{[%clk 0:18:49]} Be1 {[%clk 0:18:28]} 50. Rc1 {[%clk 0:12:47]} Re2
{[%clk 0:14:43]} 51. Bd4 {[%clk 0:12:18]} Bf2 {[%clk 0:14:05]} 52. Ba1
{[%clk 0:11:23]} Bh4 {[%clk 0:12:49]} 53. Rc6 {[%clk 0:09:24]} Kh7
{[%clk 0:11:18]} 54. Bd4 {[%clk 0:09:32]} Bg5 {[%clk 0:10:48]} 55. Rc3
{[%clk 0:09:55]} Kg6 {[%clk 0:11:01]} 56. Rf3 {[%clk 0:10:20]} Ra2
{[%clk 0:10:03]} 57. Bc3 {[%clk 0:10:35]} Be7 {[%clk 0:06:45]} 58. Rd3
{[%clk 0:09:03]} Bg5 {[%clk 0:06:40]} 59. Ke4 {[%clk 0:08:56]} Rf2
{[%clk 0:06:16]} 60. Rd6+ {[%clk 0:04:56]} Kh7 {[%clk 0:06:37]} 61. Rd7
{[%clk 0:03:37]} Kg8 {[%clk 0:06:12]} 62. Rd3 {[%clk 0:03:23]} Rf4+
{[%clk 0:05:53]} 63. Kd5 {[%clk 0:03:49]} Rf1 {[%clk 0:06:13]} 64. Bd4
{[%clk 0:03:50]} Kh7 {[%clk 0:06:38]} 65. Rb3 {[%clk 0:04:05]} Re1
{[%clk 0:05:33]} 66. Bf2 {[%clk 0:03:48]} Rf1 {[%clk 0:05:49]} 67. Bg3
{[%clk 0:03:03]} Rh1 {[%clk 0:05:58]} 68. Bf2 {[%clk 0:02:50]} Rf1
{[%clk 0:06:23]} 69. Bd4 {[%clk 0:02:48]} Re1 {[%clk 0:06:47]} 70. Ra3
{[%clk 0:02:03]} Re2 {[%clk 0:07:03]} 71. Rf3 {[%clk 0:02:20]} Kg8
{[%clk 0:06:51]} 72. Bf2 {[%clk 0:02:30]} Be7 {[%clk 0:06:18]} 73. Bg3
{[%clk 0:02:03]} Kg7 {[%clk 0:06:36]} 74. h4 {[%clk 0:02:03]} Bd8
{[%clk 0:06:23]} 75. Rb3 {[%clk 0:01:15]} Be7 {[%clk 0:06:32]} 76. Rd3
{[%clk 0:01:13]} Kg6 {[%clk 0:06:48]} 77. Rb3 {[%clk 0:01:17]} Kg7
{[%clk 0:07:12]} 78. Rf3 {[%clk 0:01:10]} Bd8 {[%clk 0:07:26]} 79. Bf2
{[%clk 0:01:26]} Be7 {[%clk 0:07:47]} 80. Bd4 {[%clk 0:01:10]} Kg8
{[%clk 0:07:55]} 81. Bf2 {[%clk 0:00:39]} Kg7 {[%clk 0:08:20]} 82. Bg3
{[%clk 0:00:55]} Bd8 {[%clk 0:08:44]} 83. Rb3 {[%clk 0:00:59]} Rg2
{[%clk 0:08:51]} 84. e6 {[%clk 0:00:59]} Rd2+ {[%clk 0:08:55]} 85. Kc6
{[%clk 0:01:11]} fxe6 {[%clk 0:09:11]} 86. Rb7+ {[%clk 0:00:46]} Kg8
{[%clk 0:09:00]} 87. Bf4 {[%clk 0:00:45]} Rd5 {[%clk 0:08:44]} 88. Rb8
{[%clk 0:00:46]} Kh7 {[%clk 0:08:52]} 89. Rb7+ {[%clk 0:00:53]} Kg8
{[%clk 0:09:18]} 90. Bxh6 {[%clk 0:00:45]} Bxh4 {[%clk 0:09:36]} 91. Rg7+
{[%clk 0:01:01]} Kh8 {[%clk 0:09:52]} 92. Rg6 {[%clk 0:00:59]} Ra5
{[%clk 0:09:49]} 93. Bd2 {[%clk 0:01:05]} Ra2 {[%clk 0:09:52]} 94. Be3
{[%clk 0:01:12]} Bf2 {[%clk 0:10:11]} 95. Rh6+ {[%clk 0:00:57]} Kg7
{[%clk 0:10:35]} 96. Rh2 {[%clk 0:01:06]} Bxe3 {[%clk 0:09:41]} 97. Rxa2
{[%clk 0:01:32]} Kf6 {[%clk 0:10:05]} 98. Ra5 {[%clk 0:01:14]} e5
{[%clk 0:09:43]} 99. Kd5 {[%clk 0:01:36]} Kg5 {[%clk 0:10:05]} 100. Ke4
{[%clk 0:01:58]} Bd2 {[%clk 0:09:55]} 101. Ra2 {[%clk 0:01:18]} Bc3
{[%clk 0:10:19]} 102. Rg2 {[%clk 0:01:40]} Ba1 {[%clk 0:10:41]} 103. Kf3
{[%clk 0:01:57]} Bc3 {[%clk 0:11:08]} 104. Rc2 {[%clk 0:02:07]} Bb4
{[%clk 0:11:11]} 105. Rc4 {[%clk 0:01:49]} Bd2 {[%clk 0:11:30]} 106. Rc2
{[%clk 0:01:17]} Bf4 {[%clk 0:11:41]} 107. Rg2 {[%clk 0:01:29]} Kh4
{[%clk 0:11:53]} 108. Rg1 {[%clk 0:01:22]} Kg5 {[%clk 0:12:19]} 109. Re1
{[%clk 0:01:47]} Kg6 {[%clk 0:12:12]} 110. Rh1 {[%clk 0:02:09]} Kf6
{[%clk 0:12:37]} 111. Rh8 {[%clk 0:02:16]} Kg7 {[%clk 0:13:00]} 112. Rc8
{[%clk 0:02:06]} Kf6 {[%clk 0:13:25]} 113. Rc6+ {[%clk 0:02:13]} Kg5
{[%clk 0:13:52]} 114. Re6 {[%clk 0:02:36]} Bh2 {[%clk 0:14:15]} 115. Re8
{[%clk 0:02:51]} Bf4 {[%clk 0:14:29]} 116. Rg8+ {[%clk 0:03:08]} Kf6
{[%clk 0:14:53]} 117. Ke4 {[%clk 0:03:00]} Kf7 {[%clk 0:15:19]} 118. Ra8
{[%clk 0:02:13]} Kf6 {[%clk 0:15:44]} 119. Kf3 {[%clk 0:01:47]} Kg6
{[%clk 0:16:08]} 120. Rf8 {[%clk 0:01:17]} Kg7 {[%clk 0:16:26]} 121. Rf5
{[%clk 0:01:03]} Kg6 {[%clk 0:16:50]} 122. Ke4 {[%clk 0:01:29]} Kh6
{[%clk 0:17:10]} 123. Kd5 {[%clk 0:01:34]} Bg3 {[%clk 0:17:22]} 124. Ke6
{[%clk 0:01:08]} Kg6 {[%clk 0:17:41]} 125. Rf8 {[%clk 0:01:22]} Kg7
{[%clk 0:17:04]} 126. Rf3 {[%clk 0:01:48]} Bh2 {[%clk 0:15:44]} 127. Kf5
{[%clk 0:02:11]} 1-0

[Event "AsianNationCupW-Standard"]
[Site "Hamedan 2018"]
[Date "2018.08.01"]
[Round "5.5"]
[White "Khademalsharieh, Sarasadat"]
[Black "Lei, Tingjie"]
[Result "1-0"]
[BlackElo "2473"]
[WhiteElo "2408"]
[LiveChessVersion "1.4.8"]

1. d4 {[%clk 1:30:57]} Nf6 {[%clk 1:30:52]} 2. c4 {[%clk 1:31:12]} e6
{[%clk 1:31:03]} 3. Nf3 {[%clk 1:31:31]} d5 {[%clk 1:31:30]} 4. Nc3
{[%clk 1:31:50]} c5 {[%clk 1:31:45]} 5. cxd5 {[%clk 1:31:57]} Nxd5
{[%clk 1:32:06]} 6. e4 {[%clk 1:31:59]} Nxc3 {[%clk 1:32:29]} 7. bxc3
{[%clk 1:32:23]} cxd4 {[%clk 1:32:56]} 8. cxd4 {[%clk 1:32:43]} Bb4+
{[%clk 1:33:22]} 9. Bd2 {[%clk 1:33:07]} Bxd2+ {[%clk 1:33:47]} 10. Qxd2
{[%clk 1:33:31]} O-O {[%clk 1:34:12]} 11. Bc4 {[%clk 1:31:47]} b6
{[%clk 1:34:19]} 12. O-O {[%clk 1:32:11]} Bb7 {[%clk 1:34:42]} 13. Rfe1
{[%clk 1:32:36]} Nd7 {[%clk 1:35:02]} 14. Rad1 {[%clk 1:24:35]} Rc8
{[%clk 1:31:13]} 15. Bd3 {[%clk 1:24:56]} Qe7 {[%clk 1:26:20]} 16. Qf4
{[%clk 1:21:54]} Rc3 {[%clk 1:20:00]} 17. h4 {[%clk 1:16:27]} Rfc8
{[%clk 1:15:18]} 18. d5 {[%clk 1:04:30]} e5 {[%clk 1:05:30]} 19. Qg3
{[%clk 0:56:10]} a6 {[%clk 1:04:11]} 20. h5 {[%clk 0:54:57]} h6 21. Qg4
{[%clk 0:38:58]} Re8 {[%clk 0:44:59]} 22. Nh4 {[%clk 0:37:39]} Nf6
{[%clk 0:36:08]} 23. Qe2 {[%clk 0:36:49]} Bc8 {[%clk 0:27:06]} 24. Bxa6
{[%clk 0:32:51]} Bg4 {[%clk 0:25:40]} 25. f3 {[%clk 0:29:54]} Bd7
{[%clk 0:26:02]} 26. d6 {[%clk 0:28:53]} Qd8 {[%clk 0:22:28]} 27. Bb5
{[%clk 0:27:29]} Nxh5 {[%clk 0:19:42]} 28. Bxd7 {[%clk 0:27:03]} Qxd7
{[%clk 0:17:48]} 29. Nf5 {[%clk 0:23:49]} Kh7 {[%clk 0:07:39]} 30. Qd2
{[%clk 0:21:29]} Rc6 {[%clk 0:02:46]} 31. Rc1 {[%clk 0:20:43]} Nf4
{[%clk 0:03:09]} 32. Rxc6 {[%clk 0:18:00]} Qxc6 {[%clk 0:03:36]} 33. Kh2
{[%clk 0:17:34]} Ne6 {[%clk 0:02:05]} 34. Rd1 {[%clk 0:13:19]} Rd8
{[%clk 0:01:40]} 35. Qb2 {[%clk 0:08:41]} Nd4 {[%clk 0:00:39]} 36. Rc1
{[%clk 0:05:45]} Qd7 {[%clk 0:01:08]} 37. Nxd4 {[%clk 0:05:05]} exd4
{[%clk 0:01:35]} 38. e5 {[%clk 0:05:24]} f6 {[%clk 0:01:50]} 39. Qb1+
{[%clk 0:05:19]} Kh8 {[%clk 0:01:20]} 40. Qg6 {[%clk 0:04:08]} Qe6
{[%clk 0:00:40]} 41. f4 {[%clk 0:03:57]} d3 {[%clk 0:24:49]} 42. Rc7
{[%clk 0:29:16]} Rg8 {[%clk 0:25:13]} 43. d7 {[%clk 0:18:41]} Rd8
{[%clk 0:25:37]} 44. exf6 {[%clk 0:18:58]} gxf6 {[%clk 0:26:00]} 45. Qxh6+
{[%clk 0:19:12]} Kg8 {[%clk 0:26:24]} 46. Qg6+ {[%clk 0:19:38]} Kf8
{[%clk 0:26:48]} 47. Qxd3 {[%clk 0:19:46]} Ke7 {[%clk 0:23:44]} 48. Qh7+
{[%clk 0:14:04]} Kd6 {[%clk 0:23:17]} 49. Rc2 {[%clk 0:11:52]} Qe3
{[%clk 0:18:00]} 50. Qh6 {[%clk 0:11:37]} Qd4 {[%clk 0:18:22]} 51. g3
{[%clk 0:06:14]} Rxd7 {[%clk 0:13:26]} 52. Qf8+ {[%clk 0:06:38]} Kd5
{[%clk 0:12:48]} 53. Qg8+ {[%clk 0:06:28]} Kd6 {[%clk 0:12:56]} 54. f5
{[%clk 0:06:13]} Qe3 {[%clk 0:06:20]} 55. Qf8+ {[%clk 0:05:50]} Kd5
{[%clk 0:04:30]} 56. Qa8+ {[%clk 0:06:14]} Kd4 {[%clk 0:04:47]} 57. Qa4+
{[%clk 0:06:39]} Kd3 {[%clk 0:05:14]} 58. Qc4# {[%clk 0:07:01]} 1-0

[Event "AsianNationCupW-Standard"]
[Site "Hamedan 2018"]
[Date "2018.08.02"]
[Round "6.1"]
[White "Saduakassova, Dinara"]
[Black "Harika, Dronavalli"]
[Result "0-1"]
[BlackElo "2494"]
[WhiteElo "2489"]
[LiveChessVersion "1.4.8"]

1. d4 {[%clk 1:30:57]} d5 {[%clk 1:30:54]} 2. c4 {[%clk 1:31:24]} e6
{[%clk 1:31:20]} 3. Nc3 {[%clk 1:31:50]} Bb4 {[%clk 1:31:45]} 4. a3
{[%clk 1:32:08]} Bxc3+ {[%clk 1:32:05]} 5. bxc3 {[%clk 1:32:34]} Nf6
{[%clk 1:32:02]} 6. e3 {[%clk 1:32:59]} c6 {[%clk 1:32:19]} 7. Bd3
{[%clk 1:25:47]} e5 {[%clk 1:31:49]} 8. Ne2 {[%clk 1:17:54]} e4 {[%clk 1:29:57]}
9. Bc2 {[%clk 1:17:59]} O-O {[%clk 1:28:42]} 10. Ng3 {[%clk 1:16:38]} b6
{[%clk 1:20:23]} 11. f3 {[%clk 1:14:39]} Re8 {[%clk 1:07:24]} 12. O-O
{[%clk 1:13:38]} Ba6 {[%clk 1:06:26]} 13. fxe4 {[%clk 1:12:45]} dxe4
{[%clk 1:06:12]} 14. Rf4 {[%clk 1:09:37]} Bxc4 {[%clk 1:01:50]} 15. Nxe4
{[%clk 1:08:46]} Nxe4 {[%clk 0:58:31]} 16. Rxe4 {[%clk 1:02:07]} Nd7
{[%clk 0:52:49]} 17. Rf4 {[%clk 0:52:57]} Nf8 {[%clk 0:49:11]} 18. e4
{[%clk 0:50:04]} c5 {[%clk 0:49:09]} 19. Be3 {[%clk 0:44:20]} Ng6
{[%clk 0:44:24]} 20. Rf2 {[%clk 0:42:58]} Qe7 {[%clk 0:31:46]} 21. Qh5
{[%clk 0:28:35]} cxd4 {[%clk 0:27:12]} 22. cxd4 {[%clk 0:24:16]} Rad8
{[%clk 0:24:47]} 23. g3 {[%clk 0:21:36]} b5 {[%clk 0:19:50]} 24. h4
{[%clk 0:19:44]} f6 {[%clk 0:15:34]} 25. a4 {[%clk 0:09:59]} b4 {[%clk 0:15:10]}
26. Re1 {[%clk 0:05:06]} b3 {[%clk 0:13:05]} 27. Bb1 {[%clk 0:04:50]} Qb4
{[%clk 0:13:24]} 28. Qd1 {[%clk 0:03:51]} Qc3 {[%clk 0:09:11]} 29. h5
{[%clk 0:02:12]} Ne5 {[%clk 0:08:48]} 30. Rd2 {[%clk 0:02:38]} Qxd2
{[%clk 0:06:41]} 31. Bxd2 {[%clk 0:02:33]} Rxd4 {[%clk 0:07:08]} 32. Re2
{[%clk 0:00:46]} Bxe2 {[%clk 0:06:52]} 33. Qxe2 {[%clk 0:01:02]} Rxd2
{[%clk 0:06:42]} 34. Qb5 {[%clk 0:01:30]} Rc8 {[%clk 0:05:44]} 35. Qxb3+
{[%clk 0:01:12]} Kh8 {[%clk 0:06:03]} 36. Qa3 {[%clk 0:01:04]} Rd1+
{[%clk 0:05:18]} 37. Kf2 {[%clk 0:01:32]} Rxb1 {[%clk 0:05:43]} 38. Qe7
{[%clk 0:01:53]} Rc2+ {[%clk 0:05:27]} 0-1

[Event "AsianNationCupW-Standard"]
[Site "Hamedan 2018"]
[Date "2018.08.02"]
[Round "6.2"]
[White "Vaishali, R"]
[Black "Abdumalik, Zhansaya"]
[Result "0-1"]
[BlackElo "2488"]
[WhiteElo "2337"]
[LiveChessVersion "1.4.8"]

1. Nf3 {[%clk 1:30:46]} Nf6 {[%clk 1:30:49]} 2. c4 {[%clk 1:31:12]} c5
{[%clk 1:29:48]} 3. Nc3 {[%clk 1:31:37]} d5 {[%clk 1:27:55]} 4. cxd5
{[%clk 1:32:02]} Nxd5 {[%clk 1:28:20]} 5. e4 {[%clk 1:32:29]} Nb4
{[%clk 1:28:12]} 6. Bb5+ {[%clk 1:32:53]} Bd7 {[%clk 1:26:41]} 7. a3
{[%clk 1:32:37]} N4c6 {[%clk 1:23:14]} 8. d4 {[%clk 1:32:04]} cxd4
{[%clk 1:20:18]} 9. Nxd4 {[%clk 1:32:32]} a6 {[%clk 1:16:09]} 10. Bc4
{[%clk 1:20:34]} Nxd4 {[%clk 1:13:53]} 11. Qxd4 {[%clk 1:21:02]} Nc6
{[%clk 1:14:13]} 12. Qd2 {[%clk 1:10:11]} e6 {[%clk 1:08:34]} 13. O-O
{[%clk 1:10:10]} b5 {[%clk 1:05:27]} 14. Ba2 {[%clk 1:09:16]} Bc5
{[%clk 0:58:11]} 15. b4 {[%clk 0:48:48]} Bd4 {[%clk 0:53:39]} 16. Bb2
{[%clk 0:49:08]} O-O {[%clk 0:52:47]} 17. Rfd1 {[%clk 0:38:23]} Qh4
{[%clk 0:48:31]} 18. Nxb5 {[%clk 0:20:39]} Bxb2 {[%clk 0:44:41]} 19. Qxb2
{[%clk 0:21:06]} axb5 {[%clk 0:44:31]} 20. Rxd7 {[%clk 0:21:33]} Qxe4
{[%clk 0:44:47]} 21. Rad1 {[%clk 0:21:56]} Qe5 {[%clk 0:35:10]} 22. Qc2
{[%clk 0:20:32]} Rac8 {[%clk 0:33:18]} 23. Qd2 {[%clk 0:17:41]} g6
{[%clk 0:30:55]} 24. Re1 {[%clk 0:11:28]} Qf6 {[%clk 0:28:23]} 25. Bb1
{[%clk 0:10:35]} Rfd8 {[%clk 0:24:56]} 26. Be4 {[%clk 0:10:13]} Ne5
{[%clk 0:21:00]} 27. Rxd8+ {[%clk 0:10:26]} Rxd8 {[%clk 0:21:29]} 28. Qc3
{[%clk 0:10:10]} Kg7 {[%clk 0:21:45]} 29. h4 {[%clk 0:04:39]} Rd3
{[%clk 0:19:28]} 30. Qc5 {[%clk 0:02:22]} Rxa3 {[%clk 0:17:46]} 31. h5
{[%clk 0:01:19]} Ng4 {[%clk 0:14:12]} 32. h6+ {[%clk 0:00:41]} Nxh6
{[%clk 0:14:23]} 33. Qxb5 {[%clk 0:01:09]} Ra2 {[%clk 0:12:16]} 34. Bf3
{[%clk 0:01:00]} Nf5 {[%clk 0:11:59]} 35. Qc4 {[%clk 0:01:09]} Rb2
{[%clk 0:11:52]} 36. Be4 {[%clk 0:00:36]} Ne3 {[%clk 0:10:19]} 37. fxe3
{[%clk 0:00:35]} Qf2+ {[%clk 0:10:43]} 38. Kh2 {[%clk 0:01:03]} Qh4+
{[%clk 0:11:08]} 0-1

[Event "AsianNationCupW-Standard"]
[Site "Hamedan 2018"]
[Date "2018.08.02"]
[Round "6.3"]
[White "Nakhbayeva, Guliskhan"]
[Black "Karavade, Eesha"]
[Result "0-1"]
[BlackElo "2390"]
[WhiteElo "2352"]
[LiveChessVersion "1.4.8"]

1. d4 {[%clk 1:30:57]} d5 {[%clk 1:30:44]} 2. c4 {[%clk 1:31:22]} e6
{[%clk 1:31:10]} 3. Nc3 {[%clk 1:31:45]} a6 {[%clk 1:31:10]} 4. cxd5
{[%clk 1:31:59]} exd5 {[%clk 1:31:32]} 5. Bf4 {[%clk 1:32:25]} Nf6
{[%clk 1:31:29]} 6. Qc2 {[%clk 1:31:48]} Bd6 {[%clk 1:29:58]} 7. Bxd6
{[%clk 1:32:06]} Qxd6 {[%clk 1:30:19]} 8. e3 {[%clk 1:32:29]} Nc6
{[%clk 1:24:16]} 9. a3 {[%clk 1:30:01]} Bg4 {[%clk 1:19:46]} 10. Bd3
{[%clk 1:30:09]} O-O {[%clk 1:15:10]} 11. h3 {[%clk 1:24:12]} Bh5
{[%clk 1:14:57]} 12. Nge2 {[%clk 1:22:05]} Bg6 {[%clk 1:13:36]} 13. O-O
{[%clk 1:21:35]} Bxd3 {[%clk 1:11:41]} 14. Qxd3 {[%clk 1:22:01]} Rfe8
{[%clk 1:11:30]} 15. Nf4 {[%clk 1:12:49]} Nd8 {[%clk 1:09:59]} 16. Na4
{[%clk 1:06:31]} Ne6 {[%clk 1:06:24]} 17. Nxe6 {[%clk 1:06:15]} Qxe6
{[%clk 1:03:48]} 18. Nc5 {[%clk 1:05:39]} Qb6 {[%clk 0:59:59]} 19. f3
{[%clk 1:00:27]} Re7 {[%clk 0:57:02]} 20. b4 {[%clk 0:47:52]} Rae8
{[%clk 0:55:33]} 21. Rfe1 {[%clk 0:47:02]} Nd7 {[%clk 0:54:15]} 22. Rad1
{[%clk 0:39:58]} c6 {[%clk 0:47:17]} 23. e4 dxe4 {[%clk 0:44:45]} 24. fxe4
{[%clk 0:33:03]} Nxc5 {[%clk 0:44:18]} 25. bxc5 {[%clk 0:33:23]} Qc7 26. Re3
{[%clk 0:28:11]} h6 {[%clk 0:41:50]} 27. Rf1 Rd8 {[%clk 0:40:27]} 28. e5
{[%clk 0:25:17]} Rxe5 {[%clk 0:37:11]} 29. Ref3 {[%clk 0:19:14]} Re7
{[%clk 0:33:14]} 30. Rg3 {[%clk 0:15:50]} Rd5 {[%clk 0:30:01]} 31. Rg4
{[%clk 0:11:23]} h5 {[%clk 0:27:48]} 32. Rgf4 {[%clk 0:07:22]} Qd7 33. R1f3 Qe6
{[%clk 0:23:24]} 34. Kh2 {[%clk 0:03:37]} Rg5 35. Rf5 {[%clk 0:02:08]} Rxf5
{[%clk 0:21:04]} 36. Rxf5 {[%clk 0:02:32]} Qe3 {[%clk 0:10:29]} 37. Qc4
{[%clk 0:01:24]} h4 {[%clk 0:09:47]} 38. Rf3 {[%clk 0:01:41]} Qe4
{[%clk 0:07:56]} 39. Qd3 {[%clk 0:00:49]} Qxd3 {[%clk 0:02:36]} 40. Rxd3
{[%clk 0:01:17]} Rd7 {[%clk 0:02:59]} 41. Kg1 {[%clk 0:00:31]} f5
{[%clk 0:29:23]} 42. Kf2 {[%clk 0:30:25]} Kf7 43. g3 {[%clk 0:22:06]} hxg3+
{[%clk 0:30:12]} 44. Kxg3 {[%clk 0:22:34]} g5 {[%clk 0:29:46]} 45. Kf3
{[%clk 0:16:45]} Kg6 {[%clk 0:29:22]} 46. Kg3 {[%clk 0:14:26]} Kh5
{[%clk 0:28:56]} 47. a4 {[%clk 0:14:26]} a5 {[%clk 0:28:58]} 48. Rd1
{[%clk 0:13:49]} f4+ {[%clk 0:27:50]} 49. Kf3 {[%clk 0:09:38]} Kh4
{[%clk 0:27:02]} 50. Kg2 {[%clk 0:09:56]} g4 {[%clk 0:25:49]} 51. hxg4
{[%clk 0:10:23]} Kxg4 {[%clk 0:26:15]} 52. Kf2 {[%clk 0:10:41]} Rd8
{[%clk 0:20:40]} 53. Rd3 {[%clk 0:08:39]} Kf5 {[%clk 0:20:09]} 54. Kf3
{[%clk 0:07:51]} Rh8 {[%clk 0:20:33]} 55. Kg2 {[%clk 0:08:17]} Ke4
{[%clk 0:20:58]} 56. Rd1 {[%clk 0:07:43]} Rh7 {[%clk 0:20:49]} 57. Kg1 Rd7
{[%clk 0:18:41]} 58. Re1+ {[%clk 0:06:14]} Kd3 {[%clk 0:18:55]} 59. Rb1
{[%clk 0:05:41]} Rg7+ {[%clk 0:17:44]} 60. Kf2 {[%clk 0:05:43]} Kxd4
{[%clk 0:18:10]} 61. Kf3 {[%clk 0:05:39]} Kxc5 {[%clk 0:18:25]} 62. Kxf4
{[%clk 0:06:07]} Re7 {[%clk 0:18:40]} 63. Ra1 {[%clk 0:06:18]} Kb4 0-1

[Event "AsianNationCupW-Standard"]
[Site "Hamedan 2018"]
[Date "2018.08.02"]
[Round "6.4"]
[White "Padmini, Rout"]
[Black "Dauletova, Gulmira"]
[Result "1-0"]
[BlackElo "2287"]
[WhiteElo "2338"]
[LiveChessVersion "1.4.8"]

1. e4 {[%clk 1:30:57]} c5 {[%clk 1:30:52]} 2. Nf3 {[%clk 1:31:21]} e6
{[%clk 1:31:07]} 3. d4 {[%clk 1:31:46]} cxd4 {[%clk 1:31:29]} 4. Nxd4
{[%clk 1:32:11]} Nc6 {[%clk 1:31:51]} 5. Nc3 {[%clk 1:32:36]} Qc7
{[%clk 1:31:49]} 6. Be3 {[%clk 1:32:58]} a6 {[%clk 1:32:05]} 7. Qf3
{[%clk 1:33:15]} Nf6 {[%clk 1:32:17]} 8. O-O-O {[%clk 1:33:40]} Ne5
{[%clk 1:31:22]} 9. Qg3 {[%clk 1:33:28]} b5 {[%clk 1:31:23]} 10. f4
{[%clk 1:33:45]} Neg4 {[%clk 1:31:27]} 11. Bg1 {[%clk 1:33:19]} h5
{[%clk 1:31:12]} 12. h3 {[%clk 1:31:12]} b4 {[%clk 1:31:02]} 13. Nd5
{[%clk 1:30:35]} Nxd5 {[%clk 1:31:03]} 14. exd5 {[%clk 1:26:31]} Nf6
{[%clk 1:31:24]} 15. dxe6 {[%clk 1:22:15]} dxe6 {[%clk 1:31:36]} 16. Bd3
{[%clk 1:15:43]} h4 {[%clk 1:29:49]} 17. Qf3 {[%clk 1:14:00]} Rb8
{[%clk 1:18:17]} 18. f5 {[%clk 1:03:17]} e5 {[%clk 1:04:35]} 19. Qc6+
{[%clk 0:56:31]} Qd7 {[%clk 1:04:17]} 20. Qxd7+ {[%clk 0:50:26]} Nxd7
{[%clk 0:56:13]} 21. Nc6 {[%clk 0:50:33]} Ra8 {[%clk 0:55:11]} 22. Bh2
{[%clk 0:36:33]} f6 {[%clk 0:24:30]} 23. Bc4 {[%clk 0:33:36]} a5 {[%clk 0:15:33]}
24. Rd2 {[%clk 0:20:04]} Bc5 {[%clk 0:10:18]} 25. Bg1 {[%clk 0:19:19]} Be7
{[%clk 0:09:01]} 26. Be3 {[%clk 0:14:25]} Nf8 {[%clk 0:07:23]} 27. Bd5
{[%clk 0:04:05]} Ra6 {[%clk 0:07:14]} 28. Rhd1 {[%clk 0:03:35]} Nd7
{[%clk 0:04:52]} 29. Nxe7 Kxe7 {[%clk 0:05:21]} 30. Bb7 {[%clk 0:02:52]} Nb8
{[%clk 0:04:03]} 31. Bc5+ {[%clk 0:02:48]} Kf7 {[%clk 0:04:26]} 32. Bd5+
{[%clk 0:02:41]} Ke8 {[%clk 0:04:52]} 33. Bc4 {[%clk 0:02:51]} Nc6
{[%clk 0:00:54]} 34. Bxa6 {[%clk 0:02:21]} Bxa6 {[%clk 0:01:20]} 35. Rd6
{[%clk 0:02:40]} Bb5 {[%clk 0:01:08]} 36. Re6+ {[%clk 0:02:46]} Kf7
{[%clk 0:01:33]} 37. Rd7+ {[%clk 0:03:09]} Kg8 {[%clk 0:02:01]} 38. Rb7
{[%clk 0:02:51]} Nd8 {[%clk 0:00:44]} 39. Rxb5 {[%clk 0:03:09]} Nxe6
{[%clk 0:01:12]} 40. fxe6 {[%clk 0:03:16]} Kh7 {[%clk 0:01:39]} 41. Rxa5
{[%clk 0:03:24]} e4 {[%clk 0:25:55]} 42. Bxb4 {[%clk 0:33:41]} Kg6
{[%clk 0:26:04]} 43. Rd5 {[%clk 0:33:18]} f5 {[%clk 0:22:22]} 44. e7
{[%clk 0:33:29]} Re8 {[%clk 0:22:17]} 45. Rd8 {[%clk 0:33:53]} Kf7
{[%clk 0:22:34]} 46. Rxe8 {[%clk 0:34:14]} Kxe8 {[%clk 0:23:01]} 47. a4
{[%clk 0:34:22]} f4 {[%clk 0:22:52]} 48. a5 {[%clk 0:34:39]} f3 {[%clk 0:22:12]}
49. gxf3 {[%clk 0:35:01]} exf3 {[%clk 0:22:40]} 50. Kd2 {[%clk 0:35:22]} g5
{[%clk 0:22:40]} 51. a6 {[%clk 0:35:27]} 1-0